01647nam a2200373 a 4500001001000000003000500010005001700015008004100032010001100073011001100084040000900095090001000104100004300114245016100157260004100318500006000359502009900419590004100518590004100559590004000600590004000640650006000680650003400740650003400774650003500808650004200843856007000885901000700955942001000962942000600972999001900978952013600997952014001133000113029CHAP20220329144334.0170322s2016 mx sm |||||||spa d a109490 a110462 cCHAP aTesis1 aMorales García, Miguel Angel913177810aAnálisis de créditos de habilitación y refaccionarios en la Soledad de Santa Apolonia S.P.R. de R.L.h[En línea]cpor Miguel Angel Morales García. aChapingo, Méx. :bEl autor,c2016. aPara ver el contenido del material haga clic en la liga aTesis (Ing. Mecánico Agrícola) -- UACH. Departamento de Ingeniería Mecánica Agrícola aBATCH-UPDb10c20170324lUCH01h0914 aE11695DGDb10c20170324lUCH01h0913 aE5765TAJb05c20170322lUCH01h0922 aE5765TAJb05c20170322lUCH01h092314aCrédito agrícolaxAsociaciones cooperativas.92902814aCrédito cooperativo.92909314aCrédito supervisado.92913114aPréstamos bancarios.913177914aSorgoxAspectos económicos.9108629 aFinding aiduhttp://10.13.5.2/tesis/sist113029.pdfzTeclea aquí aBK cTESIS n0 c109490d109490 00104054718TESISaBCbBCd2017-03-22fTESISl0oTesisp33724002534967r2019-12-31 00:00:00w2019-12-31yTESISzRecien adquirido 00102local4053708TESISaBCbBCcPA_TESISd2017-03-22fTESISl0oTesisp33724002535009r2019-12-31 00:00:00tc.2w2019-12-31yTESIS